Statistics for All Olympic Team Abbreviations

Click here to take the quiz!

General Stats

  • This quiz has been taken 206 times
  • The average score is 105 of 207

Answer Stats

AbbreviationTeam Name% Correct
AUSAustralia
100%
USAUnited States of America
98%
CANCanada
91%
CHIChile
91%
INDIndia
91%
SWESweden
91%
FINFinland
89%
PORPortugal
89%
BRABrazil
87%
GERGermany
87%
GREGreece
87%
ITAItaly
87%
MEXMexico
87%
RUSRussia
87%
FRAFrance
85%
NORNorway
85%
TURTurkey
85%
ALBAlbania
84%
ALGAlgeria
84%
BELBelgium
84%
GBRGreat Britain
84%
MONMonaco
84%
ARGArgentina
82%
CAMCambodia
82%
POLPoland
80%
AUTAustria
78%
COLColombia
78%
JPNJapan
78%
NIGNiger
78%
SLOSlovenia
78%
DENDenmark
76%
LATLatvia
76%
NZLNew Zealand
76%
AFGAfghanistan
75%
KENKenya
75%
PARParaguay
75%
PERPeru
75%
ANDAndorra
73%
BAHBahamas
73%
EGYEgypt
73%
HUNHungary
73%
IRQIraq
73%
JAMJamaica
73%
LUXLuxembourg
73%
ESTEstonia
71%
ISRIsrael
71%
LIBLebanon
71%
YEMYemen
71%
ARMArmenia
69%
AZEAzerbaijan
69%
CROCroatia
69%
CUBCuba
69%
ESPSpain
69%
JORJordan
69%
LAOLaos
69%
OMAOman
69%
PHIPhilippines
69%
SYRSyria
69%
URUUruguay
69%
VENVenezuela
69%
BANBangladesh
67%
CZECzech Republic
67%
HONHonduras
67%
KAZKazakhstan
67%
UAEUnited Arab Emirates
67%
VIEVietnam
67%
ZIMZimbabwe
67%
ANGAngola
65%
BULBulgaria
65%
HAIHaiti
65%
NEPNepal
65%
PAKPakistan
65%
UKRUkraine
65%
UZBUzbekistan
65%
ETHEthiopia
64%
MADMadagascar
64%
QATQatar
64%
THAThailand
64%
TUNTunisia
64%
ZAMZambia
64%
BOLBolivia
62%
BURBurkina Faso
62%
CYPCyprus
62%
ECUEcuador
62%
FIJFiji
62%
GHAGhana
62%
CHAChad
60%
GUYGuyana
60%
IRLIreland
60%
KOSKosovo
60%
KUWKuwait
60%
LIELiechtenstein
60%
SAMSamoa
60%
BARBarbados
58%
MARMorocco
58%
PANPanama
58%
SINSingapore
58%
ANTAntigua & Barbuda
56%
BENBenin
56%
BHUBhutan
56%
CHNChina
56%
DOMDominican Republic
56%
ERIEritrea
56%
GEOGeorgia
56%
GUAGuatemala
56%
DJIDjibouti
55%
GABGabon
55%
SOMSomalia
55%
SRBSerbia
55%
TANTanzania
55%
BOTBotswana
53%
BRUBrunei
53%
MYAMyanmar
53%
NGRNigeria
53%
SURSuriname
53%
UGAUganda
53%
GUIGuinea
51%
MOZMozambique
51%
NEDNetherlands
51%
SUDSudan
51%
SWZSwaziland
51%
SEYSeychelles
49%
TOGTogo
49%
VANVanuatu
49%
KORSouth Korea
47%
LESLesotho
47%
RWARwanda
47%
SRISri Lanka
47%
KIRKiribati
45%
MLTMalta
44%
NAMNamibia
44%
SVKSlovakia
44%
TKMTurkmenistan
44%
GAMGambia
42%
MDVMaldives
42%
PNGPapua New Guinea
42%
TUVTuvalu
42%
COMComoros
40%
SENSenegal
40%
SUISwitzerland
40%
BERBermuda
38%
BLRBelarus
38%
ISLIceland
38%
ESAEl Salvador
36%
SOLSolomon Islands
36%
BRNBahrain
33%
INAIndonesia
33%
RSASouth Africa
33%
MAWMalawi
31%
MLIMali
31%
PRKNorth Korea
31%
TJKTajikistan
31%
MASMalaysia
29%
SLESierra Leone
29%
SSDSouth Sudan
29%
GRNGrenada
25%
MGLMongolia
25%
MTNMauritania
25%
TGATonga
25%
CRCCosta Rica
24%
CGOCongo
22%
CIVIvory Coast
22%
CMRCameroon
22%
LBALibya
22%
BIHBosnia-Herzegovina
20%
HKGHong Kong
20%
KGZKyrgyzstan
20%
LBRLiberia
20%
NRUNauru
20%
PURPuerto Rico
20%
SMRSan Marino
20%
ASAAmerican Samoa
18%
BIZBelize
18%
CPVCape Verde
18%
LTULithuania
18%
MDAMoldova
18%
ROURomania
18%
TTOTrinidad and Tobago
18%
VINSaint Vincent and Grenadines
18%
CAFCentral African Republic
16%
GBSGuinea Bissau
16%
KSASaudi Arabia
16%
NCANicaragua
16%
ROARefugee Olympic Athletes
16%
STPSao Tome and Principe
16%
ARUAruba
15%
CODDemocratic Republic of the Congo
15%
FSMFederal States of Micronesia
15%
IRIIran
15%
SKNSaint Kitts and Nevis
15%
MKDMacedonia
13%
TPETaiwan (Chinese Taipei)
13%
BDIBurundi
11%
COKCook Islands
11%
LCASaint Lucia
11%
MNEMontenegro
11%
PLEPalestine
11%
TLSEast Timor
11%
CAYCayman Islands
9%
DMADominica
9%
GUMGuam
9%
IVBBritish Virgin Islands
9%
MRIMauritius
9%
GEQEquatorial Guinea
7%
ISVVirgin Islands
7%
MHLMarshall Islands
7%
PLWPalau
7%

Score Distribution

Percentile by Number Answered

Percent of People with Each Score

Your Score History

You have not taken this quiz